000 00394nam a2200145Ia 4500
005 20250606003055.0
008 240331s9999 xx 000 0 und d
082 _bPUN
_a303
100 _aPunchihewa, S.G.
245 0 _aThalena gammana
260 _aSri Lanka
_bDemocratic Rights Movement
_c1998
300 _a42 p .,
500 _aThere is little information on war - torn villages
942 _cL
999 _c1335
_d1335